000 00512nam a2200169Ia 4500
003 GCL
008 140319s9999 xx 000 0 ara d
040 _aGCL /
_cGCL
082 0 4 _a842.043
_bم ر
100 1 _aفؤاد كامل (مترجم)
245 1 0 _aرجل اللة /
_cفؤاد كامل (مترجم)
700 1 _aمارسيل , جابرييل
490 _aروائع المسرح العالمى
_v0
650 0 4 _aالمسرحيات
650 0 4 _aالمسرحيات الفرنسية
942 _2ddc
_cBK
999 _c39752
_d39752